000 01319nam a2200337 a 4500
001 ebr10612430
003 CaPaEBR
006 m u
007 cr cn|||||||||
008 120417s2012 maua sb 001 0 eng d
010 _z 2012009891
020 _z9780262018067 (hardcover : alk. paper)
020 _z9780262305464 (e-book)
040 _aCaPaEBR
_cCaPaEBR
035 _a(OCoLC)813929041
050 1 4 _aQA76.9.W65
_bA33 2012eb
082 0 4 _a004.082
_223
100 1 _aAbbate, Janet.
245 1 0 _aRecoding gender
_h[electronic resource] :
_bwomen's changing participation in computing /
_cJanet Abbate.
260 _aCambridge, Mass. :
_bMIT Press,
_cc2012.
300 _ax, 247 p. :
_bill.
490 1 _aHistory of computing
504 _aIncludes bibliographical references and index.
533 _aElectronic reproduction.
_bPalo Alto, Calif. :
_cebrary,
_d2011.
_nAvailable via World Wide Web.
_nAccess may be limited to ebrary affiliated libraries.
650 0 _aWomen in computer science.
650 0 _aComputer industry.
655 7 _aElectronic books.
_2local
710 2 _aebrary, Inc.
830 0 _aMIT Press series in the history of computing.
856 4 0 _uhttp://site.ebrary.com/lib/rucke/Doc?id=10612430
_zAn electronic book accessible through the World Wide Web; click to view
999 _c207623
_d207623